19. konferencia priemyselných energetikov SSR

Guardado en:
Detalles Bibliográficos
Formato: Libro
Lenguaje:eslovaco
Publicado: Bratislava Dom techn. ČSVTS 1988
Edición:1. vyd.
Etiquetas: Agregar Etiqueta
Sin Etiquetas, Sea el primero en etiquetar este registro!

MARC

LEADER 00000nam a2200000 4500
001 c031007
005 20221219091327.6
041 0 |a slo 
044 |a SK 
245 1 0 |a 19. konferencia priemyselných energetikov SSR 
250 |a 1. vyd. 
264 1 |a Bratislava  |b Dom techn. ČSVTS  |c 1988 
300 |a 52 s.